| 000 | 01413nam a22002417a 4500 | ||
|---|---|---|---|
| 005 | 20151126083806.0 | ||
| 008 | 151014s1929 ve ||||fr|||| 001 p spa d | ||
| 040 |
_cSandra Yazo _dSandra Yazo |
||
| 041 | 0 | _aspa | |
| 082 | 0 | 4 |
_220 _a861.6 |
| 092 | _aE37N119 | ||
| 100 | 1 |
_aRamos Sucre, José António _d1890-1930 _972335 |
|
| 245 | 1 | 4 |
_aLas formas del fuego _cJosé Antonio Ramos Sucre |
| 260 |
_aCaracas (Venezuela) _bTipofrafía americana _c1929 |
||
| 300 |
_a159, vii páginas _c20 x 12 cm. |
||
| 500 | _aDetalles físicos: Encuadernación flexible en cartulina. Tapa delantera con datos de publicación impresos y enmarcados en un doble recuadro. Lomo con rotura. Portada impresa en una sola tinta. Texto impreso en una sola columna. Ejemplar en buen estado de conservación. Algunas hendiduras y deformación de plano | ||
| 505 | 1 | _aLas ruinas ; El rito ; La isla de las Madréporas ; Acíbar ; El talismán ; El mandarín ; El castigo ; El emigrado ; Spleen ; El guía ; El real de los Cartagineses ; Farándula ; La amada ; La noche ; La sala de los muebles de laca ; La plaga ; El retórico ; La venganza de Viviana ; El nómade ; La entrevista ; fragmentos apócrifo de Pausanías | |
| 506 | _aConsulta en sala | ||
| 650 | 7 |
_921862 _aPoesía venezolana |
|
| 650 | 7 |
_918755 _aLiteratura venezolana |
|
| 690 |
_942866 _aLiteratura latinoamericana |
||
| 942 |
_2LOCAL _cLIBRO _e1 _hE37N119 |
||
| 999 |
_c301852 _d301852 |
||